Status of rubber wood processing and utilization in India (Record no. 51513)

MARC details
000 -LEADER
fixed length control field 00366nam a2200133Ia 4500
100 ## - MAIN ENTRY--AUTHOR NAME
Personal name Mohanachandran Nair S
245 #0 - TITLE STATEMENT
Title Status of rubber wood processing and utilization in India
260 ## - PUBLICATION, DISTRIBUTION, ETC. (IMPRINT)
Name of publisher Rubber Board Bulletin
Year of publication 2012
300 ## - PHYSICAL DESCRIPTION
Number of Pages 15-18
650 ## - SUBJECT ADDED ENTRY--TOPICAL TERM
Topical Term India
650 ## - SUBJECT ADDED ENTRY--TOPICAL TERM
Topical Term Rubber woos processing
942 ## - ADDED ENTRY ELEMENTS (KOHA)
Koha item type Bibliography STAF
Holdings
Withdrawn status Lost status Damaged status Not for loan Home library Current library Shelving location Date acquired Serial Enumeration / chronology Koha item type
      Bibliography RRII Library RRII Library Rubber wood 19/11/2012 Volume 30, Issue 4 Bibliography STAF